Personnages dans la série The Walking Dead - Statistiques

Statistiques générales
  • Ce quiz a été pris 93 fois
  • Le résultat moyen est 47 sur 80
Statistiques - réponses
Par images Réponse % Correct
Rick Grimes
100%
Daryl Dixon
99%
Michonne
99%
Carl Grimes
96%
Carol Peletier
93%
Glenn Rhee
93%
Maggie Greene
93%
Negan
93%
Paul « Jesus » Monroe
93%
Lori Grimes
89%
Shane Walsh
87%
Abraham Ford
86%
Judith Grimes
86%
Merle Dixon
86%
Rosita Espinosa
86%
Morgan Jones
84%
Ezekiel Sutton
83%
Le Gouverneur
83%
Sasha Williams
81%
Tara Chambler
81%
Hershel Greene
80%
Andrea Harrison
79%
Eugene Porter
79%
Aaron
77%
Alpha
77%
Beth Greene
77%
Gabriel Stokes
77%
Theodore « T-Dog » Douglas
77%
Beta
71%
Sophia Peletier
69%
Enid
67%
Dale Horvath
63%
Gregory
63%
Tyreese Williams
63%
Jadis
61%
Simon
61%
Bob Stookey
60%
Dwight
60%
Jerry
59%
Lydia
56%
Noah
56%
Siddiq
54%
Spencer Monroe
53%
Yumiko Okumura
53%
Magna
51%
Amy Harrison
50%
Deanna Monroe
50%
Ed Peletier
50%
Lizzie Samuels
50%
Nicholas
49%
Connie
47%
Denise Cloyd
47%
Olivia
47%
Eric Raleigh
46%
Mika Samuels
44%
Sam Anderson
40%
Jacqui
39%
Jessie Anderson
39%
Leah Shaw
39%
Milton Mamet
39%
Gareth
37%
Kelly
36%
Alden
34%
Ron Anderson
34%
Arat
33%
Gamma/Mary
33%
Heath
33%
Pamela Milton
31%
Cyndie
30%
Juanita Sanchez
30%
Gavin
29%
Maxxine Mercer
29%
Laura
27%
Elijah
26%
Lance Hornsby
23%
Michael Mercer
23%
Tobin
23%
Dianne
19%
Beatrice
17%
Kathy
7%
Aucun quiz correspondant
Distribution des résultats
% des personnes avec chaque résultat
Percentile par nombre de réponses
Votre historique - résultats
Vous n’avez pas pris ce quiz